00687 2200241 4500001002100000005001500021035002000036007000300056008004100059020002200100020003200122082000800154084001400162100001700176245007100193260004500264300002200309650002600331700002800357990002000385990002000405990002000425INLIS00000000134604520240912104813 a0010-0924000405ta240912 g 1 ind  a978-602-06-7693-7 a978-602-06-7694-4 (DIGITAL) a813 a813 ANT p0 aAntje Herden1 aParole Teetee /cAntje Herden; penerjemah, Lisa Alvianne Faratriie aJakarta :bGramedia Pustaka Utama,c2024 a208 hlm ;c20 cm. 4anovel/fiksi indonesia0 aLisa Alvianne Faratriie a01359/PMDM/2024 a01360/PMDM/2024 a01361/PMDM/2024